00551 a2200169 4500020002300000035001300023037004400036082001100080100002300091245005700114250001300171260004500184270006900229300002900298500003100327700002300358 a0195669061c275.00 aB-210729 bRP-ZLS-2754 / UBH-07-08:4/ RP-07-08:ENG14a330.001 aLipsey, Richard G.1 aEconomicscby Richard G. Lipsey and K. Alex Chrustal a10th ed. aNew DelhibOxford University Pressc2007 aYMCA Library Building, Jai Singh Road,bNew DelhicDelhie110001 axix, 699 pc26 cm (pbk) ainclude glossary & indes x aChrystal , K. Alex